Los primeros pasos en matemáticas : 1. lógica y juegos lógicos.
| Main Author: | |
|---|---|
| Format: | Section = Libro |
| Language: | Undetermined Spanish |
| Published: |
España
Teide
1981
|
| Subjects: |
| LEADER | 00564nam a2200205Ia 4500 | ||
|---|---|---|---|
| 008 | 240829s9999 xx 000 0 und d | ||
| 020 | |a 84-307-2377-3 | ||
| 040 | |a BIBLIOTECA-RUSB/ 511.3 D562 | ||
| 041 | |a spa | ||
| 082 | |a 511.3 D562 | ||
| 100 | 1 | |a Dienes, Z. P. | |
| 245 | 1 | 0 | |a Los primeros pasos en matemáticas : 1. lógica y juegos lógicos. |
| 260 | |a España |b Teide |c 1981 | ||
| 300 | |a 143 p. :il. | ||
| 650 | 7 | |a LOGICA MATEMATICA | |
| 650 | 7 | |b JUEGOS LOGICOS | |
| 650 | 7 | |c LOGICA. Golding, E. W. II. Tit. | |
| 942 | |c BK |2 ddc | ||
| 991 | |a TEXTO | ||
| 999 | |c 1307 | ||